000 00569nam a2200229Ia 4500
003 OSt
005 20220918180613.0
006 a|||||r|||| 00| 0
007 ta
008 220917b |||||||| |||| 00| 0 eng d
024 _a23,067
037 _cTextual
040 _aARTS
_cARTS
_beng
041 _2eng
_aeng
082 _aO:6L090:9, J8
100 _aRoberts S C.
_956094
245 0 _aDoctor Johnson and others
260 _c1958
650 _aENGLISH LITERATURE
942 _hO:6L090:9, J8
_cTEXL
_2CC
999 _c162210
_d162210